Statystyki dla Wszystkie Kluby z Ekstraklasy 2019-20

Kliknij tutaj aby rozwiązać quiz!

Ogólne statystyki

  • Ten quiz został rozwiązany 76 razy
  • Średni wynik to 14 z 16

Statystyki odpowiedzi

Klub% Poprawnych
Legia Warszawa
100%
Lech Poznań
96%
Wisła Kraków
94%
Lechia Gdańsk
93%
Cracovia
91%
Pogoń Szczecin
89%
Raków Częstochowa
89%
Arka Gdynia
86%
Śląsk Wrocław
84%
Jagiellonia
83%
Piast Gliwice
83%
Wisła Płock
83%
Zagłębie Lubin
83%
Górnik Zabrze
80%
Korona Kielce
76%
ŁKS Łódź
73%

Rozkład punktacji

Percentyl według liczby udzielonych odpowiedzi

Procent ludzi z każdym wynikiem

Twoja historia wyników

Nie rozwiązałeś tego quizu